Sơ đồ Tư duy trong kinh doanh Cách mạng hóa tư duy và lề lối kinh doanh của bạn

Gồm 4 phần: Sơ đồ tư duy: "phần mềm" kinh doanh ưu việt; lập sơ đồ tư duy cho các kỹ năng kinh doanh quan trọng; lập sơ đồ tư duy để có tư duy kinh doanh tốt hơn; lập sơ đồ tư duy để đạt được kết quả kinh doanh tốt hơn.; Dịch theo b...

Descrición completa

Gardado en:
Detalles Bibliográficos
Autor Principal: Buzan, Tony
Outros autores: Griffiths, Chris
Formato: Libro
Idioma:Undetermined
Publicado: H. Tổng hợp Tp. Hồ Chí Minh; Công ty TNHH Nhân Trí Việt 2010
Những chủ đề:
Acceso en liña:http://lrc.tdmu.edu.vn/opac/search/detail.asp?aID=2&ID=29270
Các nhãn: Engadir etiqueta
Sen Etiquetas, Sexa o primeiro en etiquetar este rexistro!
Thư viện lưu trữ: Trung tâm Học liệu Trường Đại học Thủ Dầu Một
LEADER 01328nam a2200229Ia 4500
001 TDMU_29270
008 210410s9999 xx 000 0 und d
082 |a 372.2164 
090 |b B534 
100 |a Buzan, Tony 
245 0 |a Sơ đồ Tư duy trong kinh doanh 
245 0 |b Cách mạng hóa tư duy và lề lối kinh doanh của bạn 
245 0 |c Tony Buzan, Chris Griffiths; Lê Huy Lâm dịch 
260 |a H. 
260 |b Tổng hợp Tp. Hồ Chí Minh; Công ty TNHH Nhân Trí Việt 
260 |c 2010 
300 |a 256 tr. 
520 |a Gồm 4 phần: Sơ đồ tư duy: "phần mềm" kinh doanh ưu việt; lập sơ đồ tư duy cho các kỹ năng kinh doanh quan trọng; lập sơ đồ tư duy để có tư duy kinh doanh tốt hơn; lập sơ đồ tư duy để đạt được kết quả kinh doanh tốt hơn.; Dịch theo bản tiếng Anh: Mind maps for business: Revolutionise your business thinking and practice 
650 |a Quản trị kinh doanh  |x Sơ đồ tư duy; Sơ đồ tư duy  |x Thành công trong kinh doanh 
700 |a Griffiths, Chris 
856 |u http://lrc.tdmu.edu.vn/opac/search/detail.asp?aID=2&ID=29270 
980 |a Trung tâm Học liệu Trường Đại học Thủ Dầu Một